Federacje krajowe należące do UEFA - Statystyki

Ogólne statystyki
  • Ten quiz został rozwiązany 104 razy
  • Średni wynik to 46 z 55
Statystyki odpowiedzi
Federacja/Państwo % Poprawnych
Polska
95%
Czechy
94%
Finlandia
92%
Niemcy
92%
Rosja
92%
Andora
91%
Anglia
91%
Francja
91%
Portugalia
91%
Słowacja
91%
Estonia
89%
Hiszpania
89%
Litwa
89%
Łotwa
89%
Norwegia
89%
Szwecja
89%
Włochy
89%
Belgia
88%
Białoruś
88%
Chorwacja
88%
Czarnogóra
88%
Dania
88%
Słowenia
88%
Szkocja
88%
Albania
86%
Austria
86%
Grecja
86%
Irlandia
86%
Ukraina
86%
Holandia
85%
San Marino
85%
Serbia
85%
Węgry
85%
Armenia
83%
Cypr
83%
Islandia
83%
Luksemburg
83%
Bułgaria
82%
Turcja
82%
Walia
82%
Bośnia i Hercegowina
80%
Kosowo
80%
Liechtenstein
80%
Rumunia
80%
Azerbejdżan
79%
Gruzja
79%
Irlandia Północna
79%
Szwajcaria
79%
Mołdawia
76%
Malta
74%
Izrael
73%
Macedonia Północna
73%
Gibraltar
67%
Kazachstan
67%
Wyspy Owcze
65%
Nie znaleziono quizów pasujących do podanych kryteriów
Rozkład punktacji
Procent ludzi z każdym wynikiem
Percentyl według liczby udzielonych odpowiedzi
Twoja historia wyników
Nie rozwiązałeś tego quizu